Air War : (Record no. 588728)
[ view plain ]
| 000 -LEADER | |
|---|---|
| fixed length control field | 00435nam a22001817a 4500 |
| 003 - CONTROL NUMBER IDENTIFIER | |
| control field | NUST |
| 005 - DATE AND TIME OF LATEST TRANSACTION | |
| control field | 20220311103524.0 |
| 020 ## - INTERNATIONAL STANDARD BOOK NUMBER | |
| International Standard Book Number | 0-283-99035-x |
| 038 ## - RECORD CONTENT LICENSOR | |
| Staff Name | Muzammil SMME |
| 082 ## - DEWEY DECIMAL CLASSIFICATION NUMBER | |
| Classification number | 997.11 |
| Author Mark | ETH |
| 100 ## - MAIN ENTRY--PERSONAL NAME | |
| Personal name | Ethell, Jeffrey. |
| 9 (RLIN) | 90562 |
| 245 ## - TITLE STATEMENT | |
| Title | Air War : |
| Remainder of title | south atlantic\ |
| Statement of responsibility, etc. | Jeffrey Ethell. |
| 260 ## - PUBLICATION, DISTRIBUTION, ETC. | |
| Place of publication, distribution, etc. | London |
| Name of publisher, distributor, etc. | Sidgwick |
| Date of publication, distribution, etc. | 1983 |
| 300 ## - PHYSICAL DESCRIPTION | |
| Extent | 260,p.; |
| 563 ## - BINDING INFORMATION | |
| Binding note | hardcover |
| 650 ## - SUBJECT ADDED ENTRY--TOPICAL TERM | |
| Topical term or geographic name entry element | Air war |
| 9 (RLIN) | 90563 |
| 942 ## - ADDED ENTRY ELEMENTS (KOHA) | |
| Source of classification or shelving scheme | |
| Koha item type | Book |
| Withdrawn status | Lost status | Source of classification or shelving scheme | Damaged status | Not for loan | Permanent Location | Current Location | Shelving location | Date acquired | Total Checkouts | Full call number | Barcode | Date last seen | Price effective from | Koha item type |
|---|---|---|---|---|---|---|---|---|---|---|---|---|---|---|
| School of Mechanical & Manufacturing Engineering (SMME) | School of Mechanical & Manufacturing Engineering (SMME) | General Stacks | 03/11/2022 | 997.11 ETH | SMME-3697 | 03/11/2022 | 03/11/2022 | Book |
